Měřictví pro I. třídu středních škol /

Hlavní autor: Valouch, Miloslav, 1878-1952
Jazyk: Čeština
Vydáno: Praha : Jednota čes. mathematiků, 1910
Témata:
Fyzický popis: 60 stran
Knihy
Uloženo v:
LEADER 01013nam a22003132i 4500
001 001480960
003 CZ BrMZK
005 20151105115421.0
007 ta
008 150724s1910 xr er|||||||||||cze d
015 |a cnb000903550 
040 |a ABA001  |b cze  |c ABA001  |d ABA001  |d ABB029  |d BOA001  |e rda 
072 7 |a 514  |x Geometrie  |2 Konspekt  |9 13 
080 |a 514  |2 MRF 
080 |a (075.3)  |2 MRF 
100 1 |a Valouch, Miloslav,  |d 1878-1952  |7 jk01141328  |4 aut 
245 1 0 |a Měřictví pro I. třídu středních škol /  |c Miloslav Valouch 
264 1 |a Praha :  |b Jednota čes. mathematiků,  |c 1910 
300 |a 60 stran 
336 |a text  |b txt  |2 rdacontent 
337 |a bez média  |b n  |2 rdamedia 
338 |a svazek  |b nc  |2 rdacarrier 
650 0 7 |a geometrie  |7 ph114624  |2 czenas 
650 0 7 |a učebnice středních škol  |7 fd133771  |2 czenas 
910 |a BOA001  |b 2-0280.003 
990 |a BK 
993 |a Y 
991 |b 201507 
996 6 |b 2618873422  |c 2-0280.003  |l MZK  |r Sklad / do 24 hodin  |n 0  |w 001515979  |u 000010  |a 1  |e BOA001  |j MZK50  |s P